000
00205nam a22000857a 4500
008
161206b xxu||||| |||| 00| 0 eng d
100
_9
1861
_a
NCERT
245
_a
Math Magic - IV
260
_a
New Delhi
_b
NCERT
_c
2006
999
_c
4607
_d
4607